| 000 | 00556nam a2200205Ia 4500 | ||
|---|---|---|---|
| 005 | 20260429112001.0 | ||
| 008 | 260429s9999||||xx |||||||||||||| ||und|| | ||
| 020 | _a9798886130072 | ||
| 041 | _aEnglish | ||
| 082 |
_a519.5 _bHON |
||
| 100 | _aHong, Yongmiao | ||
| 245 | 0 |
_aProbability and statistics for economists / _cYongmiao Hong |
|
| 260 |
_aSingapore : _bWorld Scientific Publishing, _c2024. |
||
| 300 | _axiii, 577 p.; pbk | ||
| 650 | _a Economics | ||
| 650 | _a Probability | ||
| 650 | _a Statistics | ||
| 650 | _aMathematics | ||
| 942 | _cTB | ||
| 999 |
_c51748 _d51748 |
||